Julia Roberts - Sudden Death - Statistics

General Stats
  • This quiz has been taken 393 times
  • The average score is 9 of 18
Answers on the Grid
Answers color-coded by a green-red scale on the quiz's grid according to % correct below.
Bridget Jones
Pretty Woman
Conspiracy Theory
Four Weddings & a Funeral
The Pelican Brief
Payback
Sleeping with the Enemy
Speed
Ocean’s Twelve
Silver Linings Playbook
Notting Hill
Erin Brockovich
Mystic Pizza
Ransom
Miss Congeniality
Out of Sight
Flatliners
Hook
One Fine Day
Ticket to Paradise
America’s Sweethearts
Raising Arizona
Runaway Bride
The Firm
Steel Magnolias
Closer
My Best Friend’s Wedding
Basic Instinct
August:Osage County
Eat, Pray, Love
 
Answer Stats
Answer % Correct
Pretty Woman
96%
Erin Brockovich
77%
Notting Hill
74%
Ocean’s Twelve
63%
Runaway Bride
63%
Eat, Pray, Love
58%
My Best Friend’s Wedding
58%
The Pelican Brief
57%
Sleeping with the Enemy
55%
Hook
50%
Mystic Pizza
50%
Steel Magnolias
48%
America’s Sweethearts
35%
Flatliners
34%
Conspiracy Theory
32%
Ticket to Paradise
26%
Closer
25%
August:Osage County
23%
No matching quizzes found
Score Distribution
Percent of People with Each Score
Percentile by Number Answered
Your Score History
You have not taken this quiz